Los hermanos Karamázov. el manga / Vol. I :
Enregistré dans:
| Collectivité auteur: | |
|---|---|
| Autres auteurs: | , |
| Format: | Électronique eBook |
| Langue: | espagnol anglais |
| Publié: |
Barcelona :
La Otra H,
2017.
|
| Sujets: | |
| Accès en ligne: | Digitalia Hispánica |
| Tags: |
Ajouter un tag
Pas de tags, Soyez le premier à ajouter un tag!
|
MARC
| LEADER | 00000nam a2200000Ii 4500 | ||
|---|---|---|---|
| 001 | DIGHERDER0414 | ||
| 003 | NyNyDIG | ||
| 007 | cr ||||||||||| | ||
| 008 | 220508s2017 sp a o 000 0 spa d | ||
| 006 | m o d | ||
| 035 | |a (OCoLC)1328032550 | ||
| 040 | |a DGITA |b eng |e rda |e pn |c DGITA | ||
| 020 | |a 9788416763214 |q eBook |q ePub | ||
| 020 | |z 9788416763207 | ||
| 041 | 1 | |a spa |h eng | |
| 043 | |a e-ru--- | ||
| 050 | 1 | 4 | |a PG3326 ebook |
| 110 | 2 | |a Baraeti Āto Wākusu, |e author. | |
| 240 | 1 | 0 | |a Manga de dokuha, Brothers Karamazov. |l Spanish |s (Madinabeitia) |
| 245 | 1 | 4 | |a Los hermanos Karamázov. |n Vol. I : |b el manga / |c Fiódor Dostoievsky ; adaptación, Variety Artworks ; traducción, Maite Madinabeitia. |
| 264 | 1 | |a Barcelona : |b La Otra H, |c 2017. | |
| 300 | |a 1 online resource : |b illustrations. | ||
| 336 | |a text |b txt |2 rdacontent | ||
| 337 | |a computer |b c |2 rdamedia | ||
| 338 | |a online resource |b cr |2 rdacarrier | ||
| 347 | |a text file |2 rdaft | ||
| 347 | |b EPUB | ||
| 588 | 0 | |a Online resource; title from ePub title page (Digitalia, viewed May 08, 2022) | |
| 651 | 0 | |a Russia |x Fiction |v Comic books, strips, etc. | |
| 655 | 7 | |a Comics (Graphic works) |2 lcgft | |
| 655 | 0 | |a Electronic books. | |
| 700 | 1 | |a Madinabeitia, Maite, |e translator. | |
| 700 | 1 | |i Graphic novelization of (work): |a Dostoyevsky, Fyodor, |d 1821-1881. |t Brothers Karamazov. | |
| 710 | 2 | |i Translation of: |a Baraeti Āto Wākusu. |t Manga de dokuha, Brothers Karamazov. | |
| 791 | 2 | |a Digitalia (Firm), |e distributor. | |
| 793 | 0 | |g Digitalia eBook Collection: |a Herder Editorial | |
| 776 | 0 | 8 | |i Print version: |a Baraeti Āto Wākusu. |s Manga de dokuha, Brothers Karamazov. Spanish (Madinabeitia). |t Hermanos Karamázov. |d Barcelona : La Otra H, 2017 |z 9788416763207 |
| 856 | 4 | 0 | |3 Digitalia Hispánica |u https://digitalia.unach.elogim.com/a/61434/ |
| 910 | |a Premium collection: 2022 | ||